[Event "Stay Safe Play From Home 169"]
[Site "T#646312Emanuel Laske"]
[Date "2020.05.24"]
[Round "1"]
[White "Mepe_Nika"]
[Black "Fischer_11"]
[Result "1-0"]
[WhiteElo "2319"]
[BlackElo "2008"]
[Annotator "NA RC"]
[PlyCount "73"]
[EventDate "2020.05.24"]
[EventType "swiss (blitz)"]

1. e4 {[%emt 0:00:00]} Nf6 {[%emt 0:00:14]} 2. Nc3 {[%emt 0:00:02]} d5 {[%emt 0:00:01]} 3. exd5 {[%emt 0:00:01]} Nxd5 {[%emt 0:00:00]} 4. Nf3 {[%emt 0:00:00]} Nxc3 {[%emt 0:00:01]} 5. bxc3 {[%emt 0:00:00]} g6 {[%emt 0:00:00]} 6. h4 {[%emt 0:00:01]} Bg7 {[%emt 0:00:00] Fischer_11 bietet Remis} 7. h5 {[%emt 0:00:01]} c5 {[%emt 0:00:02]} 8. h6 {[%emt 0:00:02]} Bf6 {[%emt 0:00:01]} 9. Bc4 {[%emt 0:00:01]} O-O {[%emt 0:00:00]} 10. O-O {[%emt 0:00:01]} Nc6 {[%emt 0:00:00]} 11. d3 {[%emt 0:00:01]} Bg4 {[%emt 0:00:01]} 12. Bf4 {[%emt 0:00:03]} Bxc3 {[%emt 0:00:02]} 13. Rb1 {[%emt 0:00:01]} b6 {[%emt 0:00:02]} 14. Bg3 {[%emt 0:00:01]} Nd4 {[%emt 0:00:01]} 15. Rb3 {[%emt 0:00:05]} Ba5 {[%emt 0:00:03]} 16. c3 {[%emt 0:00:02]} Nxb3 {[%emt 0:00:01]} 17. Qxb3 {[%emt 0:00:00]} e6 {[%emt 0:00:02]} 18. Ne5 {[%emt 0:00:02]} Bf5 {[%emt 0:00:03]} 19. Nc6 {[%emt 0:00:01]} Qg5 {[%emt 0:00:04]} 20. d4 {[%emt 0:00:06]} cxd4 {[%emt 0:00:02]} 21. cxd4 {[%emt 0:00:02]} Bd2 {[%emt 0:00:02]} 22. d5 {[%emt 0:00:02]} Bf4 {[%emt 0:00:04]} 23. Bxf4 {[%emt 0:00:04]} Qxf4 {[%emt 0:00:00]} 24. Ne7+ {[%emt 0:00:02]} Kh8 {[%emt 0:00:02]} 25. dxe6 {[%emt 0:00:01]} Bxe6 {[%emt 0:00:02]} 26. Qc3+ {[%emt 0:00:01]} f6 {[%emt 0:00:01]} 27. Bxe6 {[%emt 0:00:01]} Rfe8 {[%emt 0:00:01]} 28. Qc7 {[%emt 0:00:01]} Qxc7 {[%emt 0:00:01]} 29. Nd5 {[%emt 0:00:01]} Qe5 {[%emt 0:00:01]} 30. Bf7 {[%emt 0:00:01]} Qxd5 {[%emt 0:00:01]} 31. Bxd5 {[%emt 0:00:01]} Rad8 {[%emt 0:00:00]} 32. Bf7 {[%emt 0:00:01]} Re7 {[%emt 0:00:00]} 33. Bb3 {[%emt 0:00:01]} g5 {[%emt 0:00:01]} 34. Rc1 {[%emt 0:00:01]} Rde8 {[%emt 0:00:00]} 35. Kh2 {[%emt 0:00:01]} Re1 {[%emt 0:00:00]} 36. Rc7 {[%emt 0:00:01]} R1e7 {[%emt 0:00:01]} 37. Rc6 {[%emt 0:00:01] Zeit (Lag: Av=0.34s, max=0.6s)} 1-0

[Event "Stay Safe Play From Home 169"]
[Site "T#646312Emanuel Laske"]
[Date "2020.05.24"]
[Round "1"]
[White "SoulofWolf"]
[Black "The Next Contender"]
[Result "1-0"]
[WhiteElo "2119"]
[BlackElo "1818"]
[Annotator "TA"]
[PlyCount "105"]
[EventDate "2020.05.24"]
[EventType "swiss (blitz)"]

{[%evp 9,104,-15,-19,-18,-22,-14,-18,-23,0,0,5,0,47,39,171,39,42,19,39,0,0,-4,19,-31,0,-15,5,-26,25,0,48,41,48,21,52,-104,24,24,27,0,-18,-16,35,26,101,83,128,39,186,-210,104,-522,79,-188,-173,-173,-173,-262,632,375,1340,1345,1342,1335,1892,1824,2758,2777,3092,2877,29987,29988,29992,29992,29993,29993,29993,29993,29993,29993,29995,29994,29997,29994,29996,29997,29997,29997,29997,29997,29997,29998,29999,29999,29999,29999,29999]} 1. e4 d5 2. Nc3 d4 3. Nce2 e5 4. d3 g6 {[#]} 5. h3 $146 ({Predecessor:} 5. f4 Nc6 6. g3 Bg7 7. Bg2 Nge7 8. Nf3 Bg4 9. O-O Bxf3 10. Bxf3 Qd6 11. f5 O-O-O 12. Bg2 {1-0 (46) Zakhartsov,V (2452)-Potapov,P (2493) Sochi 2016}) 5... Bg7 6. f4 {A00: Irregular Openings.} exf4 7. Bxf4 c5 8. Nf3 {The position is equal.} Ne7 9. g4 O-O 10. Bg2 h6 11. Qd2 Nbc6 ({Better is} 11... g5 $14) 12. O-O ({Only move:} 12. Bxh6 $18 f6 13. O-O) 12... g5 $14 13. Bg3 Ng6 14. Rad1 Be6 15. a3 Qe7 16. c3 Rad8 17. c4 b6 18. Rb1 Na5 ({Black should try} 18... Bd7) 19. b4 cxb4 20. axb4 Nc6 $1 21. Rb2 a6 22. Qe1 $2 (22. b5 $14 {stays ahead.} axb5 23. Rxb5) 22... a5 ({Black should play} 22... Bxc4 $1 $17 23. dxc4 d3) 23. bxa5 $11 bxa5 24. Rb6 Nb4 25. Qd2 Rfe8 (25... Rc8 $11) 26. Rb5 Bd7 (26... Rc8 $11) 27. Rxa5 $16 Bc6 28. Raa1 (28. Nc1 $16) 28... Ra8 (28... Nxd3 $1 $14 29. Qxd3 Bxe4) 29. Rab1 $4 {[%mdl 8192] [#]} (29. Nexd4 $18 {and all is fine. Black must now prevent Nf5.} Rxa1 30. Rxa1) 29... Ra2 $2 (29... Nxd3 $1 $19 30. Ne1 Nxe1 31. Rbxe1 Red8) 30. Qd1 $2 {[%mdl 8192]} (30. Qxb4 $16 Qxb4 31. Rxb4 Rxe2 32. c5) 30... Na6 $2 (30... Ba4 $19 31. Nc1 {[#]} Rxg2+ $1 {[%mdl 512]} 32. Kxg2 Bxd1 33. Rxd1 Nc2) 31. Nexd4 $2 {[%mdl 8192]} (31. Ra1 $16 {stays on course.} Rxa1 32. Qxa1 {[%mdl 64] Double Attack}) 31... Bxd4+ 32. Nxd4 Qc5 33. Bf2 (33. Qb3 $142 Qxd4+ 34. Kh2 Rxg2+ 35. Kxg2 Rxe4 36. dxe4 Qxe4+ 37. Kf2) 33... Qa3 $4 {[%mdl 8192]} (33... Rxf2 $19 34. Rxf2 Qxd4) 34. Rb3 Nc5 $2 (34... Qa4 35. Rb6 Qxd1 36. Rxd1 Bd7) 35. Rxa3 $18 Rxa3 36. Nxc6 {[%mdl 64] Discovered Attack} Ra6 37. Nb4 Rb6 38. Bxc5 Rb7 {[#]} 39. e5 $1 Rbe7 (39... Rxe5 40. Bxb7) 40. Bxe7 {White mates.} Nxe5 41. d4 Nxc4 42. Qb3 Rxe7 43. Qxc4 Kg7 44. d5 Ra7 45. Qc3+ f6 46. Nc6 Kg8 47. Nxa7 Kg7 48. d6 Kg8 49. d7 Kg7 50. d8=Q Kg6 51. Qcxf6+ Kh7 52. Qde7+ Kg8 53. Qfg7# {Accuracy: White = 26%, Black = 27%.} 1-0

[Event "Stay Safe Play From Home 169"]
[Site "T#646312Emanuel Laske"]
[Date "2020.05.24"]
[Round "1"]
[White "Castlingarrocco"]
[Black "Praveen prasad"]
[Result "0-1"]
[WhiteElo "2011"]
[BlackElo "2208"]
[Annotator "TA"]
[PlyCount "64"]
[EventDate "2020.05.24"]
[EventType "swiss (blitz)"]

{[%evp 9,63,19,41,0,31,31,26,25,51,40,45,11,17,15,21,14,16,-14,76,75,65,82,77,39,84,0,2,0,0,-2,0,0,-3,-28,-22,-121,-54,-55,-56,-55,-43,-48,-49,-51,0,-18,0,-64,-73,-72,-163,-29997,-29998,-29998,-29999,-29999]} 1. d4 d6 2. e3 c6 3. f4 Nf6 4. Nf3 g6 5. Bd3 Bg7 {[#]} 6. Qe2 $146 {A41: 1 d4 d6: Tartakower System and Modern Defence.} ({Predecessor:} 6. O-O O-O 7. Nbd2 Ng4 8. Qe2 Be6 9. e4 Nf6 10. e5 Nd5 11. Ne4 Nb6 12. Nfg5 {0-1 (68) Cheje Cespedes,L-Inti Tapia,M Santa Cruz 2015}) 6... d5 7. Nbd2 Bg4 8. c3 {White has an edge.} Bxf3 9. Nxf3 Nbd7 10. Ne5 Nxe5 11. fxe5 Ne4 12. O-O f5 13. exf6 Nxf6 (13... exf6 $11 {keeps the balance.} 14. c4 f5) 14. e4 $16 dxe4 15. Bxe4 O-O {Threatening ...e5.} 16. Bg5 Qd6 17. Bxf6 ({White should try} 17. Bf3 $16) 17... exf6 $11 18. Bd3 Rae8 19. Qf3 Kh8 (19... c5 {looks sharper.} 20. dxc5 Qxc5+ 21. Qf2 Re3 22. Rae1 Bh6) 20. Rae1 f5 21. Rxe8 Rxe8 22. g3 {[#]} (22. Rf2 $11 {remains equal.}) 22... Bh6 (22... Bxd4+ $1 $17 {[%mdl 512]} 23. cxd4 Qxd4+ {[%mdl 64] Double Attack} 24. Qf2 Qxd3 25. Qxa7 h5) 23. Kg2 $15 Re3 24. Qd1 Qe7 25. Rf3 Re1 26. Qc2 Bg7 (26... Qe6 $15) 27. Rf2 Qd7 28. Re2 ({Better is} 28. Bc4 $11) 28... Qd5+ 29. Kf2 {[#]} Rh1 $1 $36 {[%cal Rh1h2][%mdl 2048] Black is on the roll.} 30. Ke3 $2 (30. Re8+ $19 Bf8 31. Qb3 (31. Rxf8+ $2 Kg7 $19) 31... Rxh2+ 32. Ke3 Qxb3 33. axb3) 30... Bh6+ {Black mates.} 31. Kf2 Rxh2+ 32. Ke1 Qh1# {Accuracy: White = 48%, Black = 67%.} 0-1

[Event "Stay Safe Play From Home 169"]
[Site "T#646312Emanuel Laske"]
[Date "2020.05.24"]
[Round "2"]
[White "Mepe_Nika"]
[Black "SoulofWolf"]
[Result "0-1"]
[WhiteElo "2323"]
[BlackElo "2124"]
[Annotator "TA"]
[PlyCount "116"]
[EventDate "2020.05.24"]
[EventType "swiss (blitz)"]

{[%evp 15,116,10,31,15,20,23,28,18,29,0,0,-14,0,-4,46,54,59,51,54,14,22,18,22,22,99,76,72,37,104,100,90,72,81,56,52,0,79,57,49,-12,0,-37,-43,-31,0,-125,14,-131,17,-70,2,0,0,-31,0,0,0,0,110,86,62,18,19,0,0,0,0,-140,-159,-132,-24,-963,-375,-413,-355,-432,1144,-62,0,0,936,962,874,15,8,-681,-8,-1389,1732,1681,2425,2185,2334,2165,2497,2357,29974,29972,29987,29988,29990,29991,29992]} 1. e4 e6 2. d3 c5 3. Nf3 Nc6 4. g3 Be7 5. Bg2 d6 6. O-O Nf6 7. c3 O-O 8. Re1 Qc7 9. Na3 {B30: Sicilian: 2...Nc6 3 Bb5, lines without ...g6.} a6 10. Nc2 b5 11. d4 {White has an edge.} Bb7 12. Bg5 {[#]} h6 $146 ({Predecessor:} 12... cxd4 13. cxd4 d5 14. Bxf6 Bxf6 15. e5 Be7 16. Ne3 Qb6 17. h4 Rfc8 18. a3 Na5 {1-0 (28) Balcarce,C (1986)-Gotz,K (1681) Bento Goncalves 2010}) 13. Bf4 e5 14. Be3 Rad8 15. d5 Nb8 16. Nh4 Bc8 17. Nf5 Bxf5 $1 18. exf5 Qd7 19. g4 Nh7 (19... Rfe8 $11) 20. h3 Bg5 21. Qd2 f6 (21... Qc7 $14) 22. a4 Qb7 23. axb5 axb5 24. b3 Nd7 25. Ra2 (25. b4 $14) 25... Nb6 (25... Ra8 $1 $11 26. Raa1 Bxe3 27. Nxe3 Ra6) 26. Rea1 Ra8 27. Ne1 (27. Bxg5 $14 Nxg5 28. Ne3) 27... Rfb8 28. Nd3 Rxa2 29. Rxa2 Ra8 30. Bf1 (30. f4 $11 exf4 31. Nxf4) 30... Kf7 ({Of course not} 30... Nxd5 $6 31. Bg2 $11) ({Much weaker is} 30... Qxd5 $6 31. Rxa8+ Qxa8 32. f4 $11) (30... Bxe3 $1 $17 31. fxe3 c4 32. Rxa8+ Qxa8 33. bxc4 Nxc4) 31. Bg2 (31. f4 $11 Bh4 32. Bg2) 31... Ra7 (31... Bxe3 $1 $17 32. fxe3 c4 33. Rxa8 Qxa8 34. bxc4 Nxc4) 32. Bxg5 (32. f4 $11 Bh4 33. Nxc5 dxc5 34. d6 Rxa2 35. Qxa2) 32... Nxg5 ({Black should play} 32... fxg5 $15 33. Qc2 Qa8 34. Rxa7+ Qxa7) 33. Rxa7 Qxa7 34. f4 Qa1+ 35. Kh2 exf4 36. Nxf4 b4 (36... Nd7 $11 {keeps the balance.}) 37. cxb4 $16 Qe5 38. Kg1 cxb4 39. Ne6 Ne4 40. Qe1 Nc3 41. Qxe5 (41. Qf2 $11 Ncxd5 42. Qa2 Qe1+ 43. Kh2 Qe5+ 44. Kg1 Qe1+ 45. Kh2) 41... fxe5 $11 {[%mdl 4096] Endgame KBN-KNN} 42. Nc7 Ke7 ({Better is} 42... e4 $1 $17 {Hoping for ...Kf6.} 43. Kf2 Kf6 44. Ne8+ Ke5 45. Nxg7 Nbxd5) 43. Nb5 $2 {[%mdl 8192]} (43. Kf2 $11) 43... Nbxd5 $2 (43... Nxb5 44. Kf2 Nd4) 44. h4 Kd7 ({Weaker is} 44... Nxb5 45. Bxd5 Nc3 46. Bc6 $19) 45. g5 Kc6 $4 {[%mdl 8192]} (45... Nxb5 $2 46. Bxd5 hxg5 47. hxg5 $19) (45... hxg5 $19 46. Bxd5 Nxd5 47. hxg5 Nc3) 46. Na7+ $2 ({White must play} 46. f6 $1 $18) 46... Kd7 {[#]} (46... Kc5 $15 47. f6 Nxf6 $1 {[%mdl 512]} 48. gxf6 gxf6) 47. f6 $1 {[%mdl 512] [#]} gxf6 $2 {[%mdl 8192]} (47... Nxf6 $1 $11 {[%mdl 512]} 48. gxf6 gxf6) 48. gxh6 $18 Ne7 49. h7 $2 ({White should try} 49. h5 $18 Ne2+ 50. Kh2) 49... Ng6 $132 {[%mdl 2048] Black is not keeping still} 50. Nb5 $2 {[%mdl 8192]} (50. Nc6 $11) 50... Nh8 $2 (50... Nxb5 $19 51. Be4 Nh8) 51. Nxc3 $2 {[%mdl 8192]} (51. Bh3+ $11 Ke7 52. Nc7) 51... Ke7 $4 {[%mdl 8192]} (51... bxc3 $19 52. Be4 {[#]} d5 $1 {[%mdl 576] Promotion}) 52. Nd5+ $18 Ke6 53. Nxb4 f5 54. Na6 e4 55. b4 {[%cal Bb3b4,Bb4b5,Bb5b6,Bb6b7][%mdl 32]} Ke5 56. b5 {White mates.} f4 57. b6 f3 58. b7 f2+ {[%mdl 32768] Never resign too early! Accuracy: White = 45%, Black = 45%. . Loss on time!?} 0-1

[Event "Stay Safe Play From Home 169"]
[Site "T#646312Emanuel Laske"]
[Date "2020.05.24"]
[Round "2"]
[White "The Next Contender"]
[Black "Fischer_11"]
[Result "1-0"]
[WhiteElo "1813"]
[BlackElo "2004"]
[Annotator "NA"]
[PlyCount "125"]
[EventDate "2020.05.24"]
[EventType "swiss (blitz)"]

1. d4 {[%emt 0:00:01]} e5 {[%emt 0:00:02]} 2. c4 {[%emt 0:00:00]} exd4 {[%emt 0:00:01]} 3. Qxd4 {[%emt 0:00:00]} Nc6 {[%emt 0:00:01]} 4. Qd1 {[%emt 0:00:00]} Nf6 {[%emt 0:00:00]} 5. g3 {[%emt 0:00:00]} g6 {[%emt 0:00:00]} 6. Bg2 {[%emt 0:00:00]} Bg7 {[%emt 0:00:00]} 7. e3 {[%emt 0:00:00]} O-O {[%emt 0:00:00]} 8. Ne2 {[%emt 0:00:00]} Re8 {[%emt 0:00:01]} 9. O-O {[%emt 0:00:00]} Qe7 {[%emt 0:00:00]} 10. Nbc3 {[%emt 0:00:02]} d6 {[%emt 0:00:00]} 11. Qc2 {[%emt 0:00:00]} Nb4 {[%emt 0:00:01]} 12. Qd1 {[%emt 0:00:01]} Nc6 {[%emt 0:00:01]} 13. a3 {[%emt 0:00:01]} Bg4 {[%emt 0:00:01]} 14. Qc2 {[%emt 0:00:01]} Bf5 {[%emt 0:00:02]} 15. Qd1 {[%emt 0:00:03]} Qd7 {[%emt 0:00:01]} 16. b4 {[%emt 0:00:01]} Bh3 {[%emt 0:00:01]} 17. Bb2 {[%emt 0:00:00]} Bxg2 {[%emt 0:00:02]} 18. Kxg2 {[%emt 0:00:00]} Qg4 {[%emt 0:00:01]} 19. Nd5 {[%emt 0:00:01]} Nxd5 {[%emt 0:00:04]} 20. Bxg7 {[%emt 0:00:01]} Nxe3+ {[%emt 0:00:03]} 21. fxe3 {[%emt 0:00:02]} Kxg7 {[%emt 0:00:01]} 22. Nf4 {[%emt 0:00:01]} Qxd1 {[%emt 0:00:02]} 23. Raxd1 {[%emt 0:00:00]} Rxe3 {[%emt 0:00:01]} 24. Nd5 {[%emt 0:00:02]} Re2+ {[%emt 0:00:04]} 25. Rf2 {[%emt 0:00:02]} Rxf2+ {[%emt 0:00:01]} 26. Kxf2 {[%emt 0:00:00]} Rc8 {[%emt 0:00:04]} 27. Re1 {[%emt 0:00:01]} Kf8 {[%emt 0:00:04]} 28. Kf3 {[%emt 0:00:02]} Ne5+ {[%emt 0:00:01]} 29. Kf4 {[%emt 0:00:01]} c6 {[%emt 0:00:00]} 30. Nf6 {[%emt 0:00:00]} Kg7 {[%emt 0:00:02]} 31. Ng4 {[%emt 0:00:01]} Nxg4 {[%emt 0:00:02]} 32. Kxg4 {[%emt 0:00:00]} f6 {[%emt 0:00:01]} 33. Re7+ {[%emt 0:00:01]} Kh6 {[%emt 0:00:01]} 34. Rxb7 {[%emt 0:00:00]} d5 {[%emt 0:00:00]} 35. cxd5 {[%emt 0:00:01]} cxd5 {[%emt 0:00:00]} 36. Rxa7 {[%emt 0:00:00]} d4 {[%emt 0:00:01]} 37. Rd7 {[%emt 0:00:01]} Rc3 {[%emt 0:00:02]} 38. Rxd4 {[%emt 0:00:01]} Rxa3 {[%emt 0:00:01]} 39. b5 {[%emt 0:00:01]} Rb3 {[%emt 0:00:00]} 40. Rd5 {[%emt 0:00:01]} Rb4+ {[%emt 0:00:02]} 41. Kf3 {[%emt 0:00:01]} f5 {[%emt 0:00:00]} 42. Ke3 {[%emt 0:00:01]} Kg5 {[%emt 0:00:00]} 43. h3 {[%emt 0:00:01]} Rb3+ {[%emt 0:00:01]} 44. Rd3 {[%emt 0:00:01]} Rxb5 {[%emt 0:00:02]} 45. Kf3 {[%emt 0:00:00]} Rb7 {[%emt 0:00:00]} 46. h4+ {[%emt 0:00:00]} Kf6 {[%emt 0:00:00]} 47. Kf4 {[%emt 0:00:01]} h6 {[%emt 0:00:01]} 48. Rd6+ {[%emt 0:00:00]} Kf7 {[%emt 0:00:01]} 49. Ke5 {[%emt 0:00:01]} Re7+ {[%emt 0:00:01]} 50. Kd5 {[%emt 0:00:01]} g5 {[%emt 0:00:02]} 51. Rxh6 {[%emt 0:00:01]} f4 {[%emt 0:00:02]} 52. gxf4 {[%emt 0:00:01]} gxf4 {[%emt 0:00:00]} 53. Rh5 {[%emt 0:00:01]} f3 {[%emt 0:00:00]} 54. Rf5+ {[%emt 0:00:00]} Kg6 {[%emt 0:00:00]} 55. Rxf3 {[%emt 0:00:00]} Kh5 {[%emt 0:00:00]} 56. Rh3 {[%emt 0:00:01]} Rd7+ {[%emt 0:00:00]} 57. Ke6 {[%emt 0:00:01]} Rd8 {[%emt 0:00:00]} 58. Kf5 {[%emt 0:00:01]} Rd1 {[%emt 0:00:00]} 59. Ra3 {[%emt 0:00:01]} Rf1+ {[%emt 0:00:00]} 60. Ke6 {[%emt 0:00:02]} Re1+ {[%emt 0:00:00]} 61. Kd5 {[%emt 0:00:02]} Rd1+ {[%emt 0:00:00]} 62. Ke4 {[%emt 0:00:00]} Rc1 {[%emt 0:00:00]} 63. Ra5+ {[%emt 0:00:01] Zeit (Lag: Av=0.41s, max=0.6s)} 1-0

[Event "Stay Safe Play From Home 169"]
[Site "T#646312Emanuel Laske"]
[Date "2020.05.24"]
[Round "2"]
[White "Justwatch"]
[Black "Praveen prasad"]
[Result "0-1"]
[WhiteElo "1684"]
[BlackElo "2217"]
[PlyCount "76"]
[EventDate "2020.05.24"]
[EventType "swiss (blitz)"]

1. e4 {[%emt 0:00:01]} d5 {[%emt 0:00:01]} 2. exd5 {[%emt 0:00:01]} Qxd5 {[%emt 0:00:01]} 3. Nc3 {[%emt 0:00:00]} Qd8 {[%emt 0:00:01]} 4. d4 {[%emt 0:00:00]} Nf6 {[%emt 0:00:01]} 5. Be3 {[%emt 0:00:00]} c6 {[%emt 0:00:00]} 6. Nf3 {[%emt 0:00:00]} Bf5 {[%emt 0:00:01]} 7. Bd3 {[%emt 0:00:00]} Bxd3 {[%emt 0:00:02]} 8. Qxd3 {[%emt 0:00:00]} e6 {[%emt 0:00:01]} 9. Ne4 {[%emt 0:00:00]} Be7 {[%emt 0:00:00]} 10. Nxf6+ {[%emt 0:00:01]} Bxf6 {[%emt 0:00:02]} 11. c3 {[%emt 0:00:00]} O-O {[%emt 0:00:01]} 12. O-O {[%emt 0:00:00]} Nd7 {[%emt 0:00:01]} 13. Qe4 {[%emt 0:00:01]} e5 {[%emt 0:00:00]} 14. dxe5 {[%emt 0:00:01]} Re8 {[%emt 0:00:01]} 15. Qg4 {[%emt 0:00:04]} Nxe5 {[%emt 0:00:02]} 16. Nxe5 {[%emt 0:00:01]} Rxe5 {[%emt 0:00:02]} 17. Rad1 {[%emt 0:00:01]} Qe8 {[%emt 0:00:05]} 18. Bd4 {[%emt 0:00:01]} Rg5 {[%emt 0:00:02]} 19. Qh3 {[%emt 0:00:02]} Rd8 {[%emt 0:00:07]} 20. Rde1 {[%emt 0:00:13]} Qf8 {[%emt 0:00:03]} 21. Bxf6 {[%emt 0:00:00]} gxf6 {[%emt 0:00:00]} 22. Qf3 {[%emt 0:00:01]} Qd6 {[%emt 0:00:02]} 23. Re4 {[%emt 0:00:03]} Qd5 {[%emt 0:00:02]} 24. Rf4 {[%emt 0:00:01]} Qxf3 {[%emt 0:00:02]} 25. Rxf3 {[%emt 0:00:00]} Rd6 {[%emt 0:00:01]} 26. h3 {[%emt 0:00:01]} Re5 {[%emt 0:00:01]} 27. Rg3+ {[%emt 0:00:02]} Kf8 {[%emt 0:00:01]} 28. f4 {[%emt 0:00:01]} Re2 {[%emt 0:00:01]} 29. Rf2 {[%emt 0:00:00]} Rd1+ {[%emt 0:00:01]} 30. Kh2 {[%emt 0:00:01]} Rxf2 {[%emt 0:00:01]} 31. Re3 {[%emt 0:00:00]} Rdd2 {[%emt 0:00:01]} 32. Rg3 {[%emt 0:00:01]} Rxb2 {[%emt 0:00:01]} 33. h4 {[%emt 0:00:00]} Rxa2 {[%emt 0:00:01]} 34. h5 {[%emt 0:00:00]} Rxg2+ {[%emt 0:00:01]} 35. Rxg2 {[%emt 0:00:02]} Rxg2+ {[%emt 0:00:00]} 36. Kxg2 {[%emt 0:00:00]} a5 {[%emt 0:00:00]} 37. Kf3 {[%emt 0:00:00]} a4 {[%emt 0:00:00]} 38. Ke4 {[%emt 0:00:02]} a3 {[%emt 0:00:00] Justwatch terk eder (Lag: Av=0.88s, max=1.2s)} 0-1

[Event "Stay Safe Play From Home 169"]
[Site "T#646312Emanuel Laske"]
[Date "2020.05.24"]
[Round "2"]
[White "Tobo Rubirosa"]
[Black "Castlingarrocco"]
[Result "0-1"]
[WhiteElo "1532"]
[BlackElo "2003"]
[Annotator "TA"]
[PlyCount "50"]
[EventDate "2020.05.24"]
[EventType "swiss (blitz)"]

{[%evp 19,50,25,25,33,43,24,62,11,14,0,-17,-10,43,19,54,53,51,41,52,47,75,60,151,155,221,160,249,247,452,426,410,251,343]} 1. d4 d5 2. Nf3 c6 3. c4 e6 4. g3 f5 5. Bg2 Nf6 6. O-O Bd6 7. b3 Qe7 8. a4 O-O 9. Ba3 Nbd7 10. Bxd6 Qxd6 11. Qc2 {[#] A90: Dutch Defence: Miscellaneous and Modern Stonewall (with ...Bd6).} Qe7 $146 ({Predecessor:} 11... Ne4 12. Nbd2 b6 13. Rac1 c5 14. cxd5 exd5 15. e3 Ba6 16. Rfe1 Rac8 17. Qb2 Rfe8 18. Bh3 Nxd2 19. Qxd2 g6 20. Bg2 c4 21. b4 Bb7 22. h4 Qc6 23. b5 Qd6 24. Qc3 a6 25. Ra1 a5 {½-½ (25) Skala,J (1899)-Nemecek,L (1778) Ricany 2019}) 12. Nc3 Ne4 13. Nxe4 (13. a5 $14) 13... fxe4 $11 14. Ne5 Nxe5 15. dxe5 Qf7 (15... Qc7 $11) 16. Rae1 Qg6 17. f3 exf3 18. Qxg6 hxg6 19. exf3 Bd7 20. f4 d4 (20... a5 $14) 21. c5 $16 b6 (21... Rfd8 $16 22. Re4 Be8) 22. Rc1 Rad8 (22... bxc5 $16 23. Rxc5 Rab8) 23. Rfd1 $18 Bc8 $2 {[#]} (23... bxc5 {is a better defense.} 24. Rxc5 Be8) 24. cxb6 axb6 25. Bxc6 Ba6 {[%mdl 32768] Accuracy: White = 71%, Black = 23%. . Loss on time!?} 0-1

[Event "Stay Safe Play From Home 169"]
[Site "T#646312Emanuel Laske"]
[Date "2020.05.24"]
[Round "3"]
[White "Praveen prasad"]
[Black "SoulofWolf"]
[Result "1-0"]
[WhiteElo "2218"]
[BlackElo "2150"]
[PlyCount "47"]
[EventDate "2020.05.24"]
[EventType "swiss (blitz)"]

1. e4 {[%emt 0:00:02]} e6 {[%emt 0:00:00]} 2. Nf3 {[%emt 0:00:01]} d5 {[%emt 0:00:00]} 3. exd5 {[%emt 0:00:00]} exd5 {[%emt 0:00:00]} 4. Be2 {[%emt 0:00:01]} c5 {[%emt 0:00:00]} 5. O-O {[%emt 0:00:01]} Nf6 {[%emt 0:00:00]} 6. Re1 {[%emt 0:00:00]} Be7 {[%emt 0:00:00]} 7. Bf1 {[%emt 0:00:00]} O-O {[%emt 0:00:00]} 8. h3 {[%emt 0:00:00]} Bf5 {[%emt 0:00:01]} 9. d3 {[%emt 0:00:00]} h6 {[%emt 0:00:01]} 10. Bf4 {[%emt 0:00:01]} Nc6 {[%emt 0:00:01]} 11. Ne5 {[%emt 0:00:01]} Qb6 {[%emt 0:00:02]} 12. Nxc6 {[%emt 0:00:01]} bxc6 {[%emt 0:00:04]} 13. Rxe7 {[%emt 0:00:01]} Qxb2 {[%emt 0:00:01]} 14. Nd2 {[%emt 0:00:02]} g5 {[%emt 0:00:02]} 15. Be5 {[%emt 0:00:02]} Nd7 {[%emt 0:00:02]} 16. Bxb2 {[%emt 0:00:02]} d4 {[%emt 0:00:03]} 17. Rxd7 {[%emt 0:00:03]} Bxd7 {[%emt 0:00:01]} 18. Qh5 {[%emt 0:00:01]} Bf5 {[%emt 0:00:01]} 19. Qxh6 {[%emt 0:00:03]} Bg6 {[%emt 0:00:00]} 20. Qxg5 {[%emt 0:00:02]} Kg7 {[%emt 0:00:00]} 21. Qxc5 {[%emt 0:00:02]} Rac8 {[%emt 0:00:01]} 22. Bxd4+ {[%emt 0:00:00]} Kh7 {[%emt 0:00:01]} 23. Qg5 {[%emt 0:00:01]} c5 {[%emt 0:00:04]} 24. Qh4+ {[%emt 0:00:04] SoulofWolf poddaje siê (Lag: Av=0.67s, max=0.8s)} 1-0